000
00187nam a2200085 4500
001
1253922
005
20251104104034.0
245
_a
ÜRKÜNÇ AYNANIN ARKASINDA
_c
CAN AVAR
260
_b
TİMAŞ
999
_c
1253922
_d
1253922